5HLuxD.jpg

KING HENRY VIII SENIOR AND PRIMARY SCHOOL LIBRARY OPAC

Cambridge international AS and A level mathematics. (Record no. 3068)

000 -LEADER
fixed length control field 01226nam a2200361 i 4500
001 - CONTROL NUMBER
control field 020629029
003 - CONTROL NUMBER IDENTIFIER
control field UkOxU
005 - DATE AND TIME OF LATEST TRANSACTION
control field 20231002084832.0
008 - FIXED-LENGTH DATA ELEMENTS--GENERAL INFORMATION
fixed length control field 160420s2016 enka 001|0|eng|d
015 ## - NATIONAL BIBLIOGRAPHY NUMBER
National bibliography number GBB669451
Source bnb
020 ## - INTERNATIONAL STANDARD BOOK NUMBER
International Standard Book Number 9781316600337
Qualifying information paperback
035 ## - SYSTEM CONTROL NUMBER
System control number (Uk)017856513
035 ## - SYSTEM CONTROL NUMBER
System control number (StEdALDL)1/3444720
040 ## - CATALOGING SOURCE
Original cataloging agency StDuBDS
Language of cataloging eng
Description conventions rda
Transcribing agency StDuBDS
Modifying agency UkOxU
-- KH8
049 ## - LOCAL HOLDINGS (OCLC)
Holding library CROBAR
082 04 - DEWEY DECIMAL CLASSIFICATION NUMBER
Classification number 531 QUA
100 1# - MAIN ENTRY--PERSONAL NAME
Personal name Quadling, Douglas,
Relator term author.
245 10 - TITLE STATEMENT
Title Cambridge international AS and A level mathematics.
Name of part/section of a work Mechanics 2 :
-- Coursebook /
Statement of responsibility, etc. Douglas Quadling and Julian Gilbey.
246 30 - VARYING FORM OF TITLE
Title proper/short title Mechanics 2.
Name of part/section of a work Coursebook
250 ## - EDITION STATEMENT
Edition statement Revised edition.
264 #1 - PRODUCTION, PUBLICATION, DISTRIBUTION, MANUFACTURE, AND COPYRIGHT NOTICE
Place of production, publication, distribution, manufacture Cambridge :
Name of producer, publisher, distributor, manufacturer Cambridge University Press,
Date of production, publication, distribution, manufacture, or copyright notice 2016.
264 #4 - PRODUCTION, PUBLICATION, DISTRIBUTION, MANUFACTURE, AND COPYRIGHT NOTICE
Date of production, publication, distribution, manufacture, or copyright notice ©2016
300 ## - PHYSICAL DESCRIPTION
Extent vi, 213 pages :
Other physical details illustrations ;
Dimensions 28 cm
336 ## - CONTENT TYPE
Content type term text
Source rdacontent
337 ## - MEDIA TYPE
Media type term unmediated
Source rdamedia
338 ## - CARRIER TYPE
Carrier type term volume
Source rdacarrier
500 ## - GENERAL NOTE
General note "Endorsed by Cambridge International Examinations"--Cover.
500 ## - GENERAL NOTE
General note Includes index.
650 #0 - SUBJECT ADDED ENTRY--TOPICAL TERM
Topical term or geographic name entry element Mechanics
Form subdivision Textbooks.
700 1# - ADDED ENTRY--PERSONAL NAME
Personal name Gilbey, Julian,
Relator term author.
710 2# - ADDED ENTRY--CORPORATE NAME
Corporate name or jurisdiction name as entry element University of Cambridge.
Subordinate unit Local Examinations Syndicate.
-- International Examinations.
942 ## - ADDED ENTRY ELEMENTS (KOHA)
Source of classification or shelving scheme
Koha item type Teaching Resources
Holdings
Withdrawn status Lost status Source of classification or shelving scheme Damaged status Not for loan Collection code Permanent Location Current Location Shelving location Date acquired Full call number Barcode Date last seen Copy number Price effective from Koha item type
          Teaching Resources KH8 Senior School Library KH8 Senior School Library Staff Office 2023-10-02 531 QUA TRKHSL003862 2023-10-02 1 2023-10-02 Teaching Resources
          Teaching Resources KH8 Senior School Library KH8 Senior School Library Staff Office 2023-10-02 531 QUA TRKHSL003863 2023-10-02 2 2023-10-02 Teaching Resources
          Teaching Resources KH8 Senior School Library KH8 Senior School Library Staff Office 2023-10-02 531 QUA TRKHSL003864 2023-10-02 3 2023-10-02 Teaching Resources
          Teaching Resources KH8 Senior School Library KH8 Senior School Library Staff Office 2023-10-02 531 QUA TRKHSL003865 2023-10-02 4 2023-10-02 Teaching Resources
          Teaching Resources KH8 Senior School Library KH8 Senior School Library Staff Office 2023-10-02 531 QUA TRKHSL003866 2023-10-02 5 2023-10-02 Teaching Resources
          Teaching Resources KH8 Senior School Library KH8 Senior School Library Staff Office 2023-10-02 531 QUA TRKHSL003867 2023-10-02 6 2023-10-02 Teaching Resources
          Teaching Resources KH8 Senior School Library KH8 Senior School Library Staff Office 2023-10-02 531 QUA TRKHSL003868 2023-10-02 7 2023-10-02 Teaching Resources
          Teaching Resources KH8 Senior School Library KH8 Senior School Library Staff Office 2023-10-02 531 QUA TRKHSL003869 2023-10-02 8 2023-10-02 Teaching Resources
          Teaching Resources KH8 Senior School Library KH8 Senior School Library Staff Office 2023-10-02 531 QUA TRKHSL003870 2023-10-02 9 2023-10-02 Teaching Resources
          Teaching Resources KH8 Senior School Library KH8 Senior School Library Staff Office 2023-10-02 531 QUA TRKHSL003871 2023-10-02 10 2023-10-02 Teaching Resources
          Teaching Resources KH8 Senior School Library KH8 Senior School Library Staff Office 2023-10-02 531 QUA TRKHSL003872 2023-10-02 11 2023-10-02 Teaching Resources
          Teaching Resources KH8 Senior School Library KH8 Senior School Library Staff Office 2023-10-02 531 QUA TRKHSL003873 2023-10-02 12 2023-10-02 Teaching Resources

Powered By KH8 IT Dept